रामचरितमानस की काव्यभाषा / (Record no. 113300)
[ view plain ]
| 000 -LEADER | |
|---|---|
| fixed length control field | 01062nam a22002537a 4500 |
| 005 - DATE AND TIME OF LATEST TRANSACTION | |
| control field | 20170124102951.0 |
| 010 ## - LIBRARY OF CONGRESS CONTROL NUMBER | |
| LC control number | 918452 |
| 020 ## - INTERNATIONAL STANDARD BOOK NUMBER | |
| Terms of availability | 50.00 |
| 035 ## - SYSTEM CONTROL NUMBER | |
| System control number | 918452 |
| 037 ## - SOURCE OF ACQUISITION | |
| Source of stock number/acquisition | Cen Lib/Ret |
| 040 ## - CATALOGING SOURCE | |
| Original cataloging agency | DPL |
| Language of cataloging | HN |
| 082 ## - DEWEY DECIMAL CLASSIFICATION NUMBER | |
| Classification number | 821.08 |
| Item number | प्रसाद |
| 100 ## - MAIN ENTRY--PERSONAL NAME | |
| Personal name | प्रसाद, रामदेव |
| 9 (RLIN) | 51596 |
| 245 ## - TITLE STATEMENT | |
| Title | रामचरितमानस की काव्यभाषा / |
| Statement of responsibility, etc | रामदेव प्रसाद |
| 246 ## - VARYING FORM OF TITLE | |
| Title proper/short title | Ramcharitmanas ki kavyebhasha / |
| Remainder of title | by Ramdev Prasad |
| 260 ## - PUBLICATION, DISTRIBUTION, ETC. (IMPRINT) | |
| Place of publication, distribution, etc | साहिबाबाद |
| Name of publisher, distributor, etc | वि.भू.प्रकाशन |
| Date of publication, distribution, etc | 1978 |
| 270 ## - ADDRESS | |
| City | साहिबाबाद |
| Postal code | 201005 |
| 300 ## - PHYSICAL DESCRIPTION | |
| Extent | 256पृ. |
| Dimensions | 21सेमी (सजिल्द) |
| 650 ## - SUBJECT ADDED ENTRY--TOPICAL TERM | |
| Topical term or geographic name as entry element | हिन्दी -- साहित्य |
| 9 (RLIN) | 51597 |
| 650 ## - SUBJECT ADDED ENTRY--TOPICAL TERM | |
| Topical term or geographic name as entry element | हिन्दी -- रामचरितमानस -- रचनाएं |
| 9 (RLIN) | 51598 |
| 650 ## - SUBJECT ADDED ENTRY--TOPICAL TERM | |
| Topical term or geographic name as entry element | Hindi -- literature |
| 9 (RLIN) | 51599 |
| 650 ## - SUBJECT ADDED ENTRY--TOPICAL TERM | |
| Topical term or geographic name as entry element | Hindi - Ramacharitamanas - Compositions |
| 9 (RLIN) | 51600 |
| 942 ## - ADDED ENTRY ELEMENTS (KOHA) | |
| Source of classification or shelving scheme | Dewey Decimal Classification |
| Koha item type | Hindi Books |
| Classification part | 821.08 |
| Call number suffix | प्रसाद |
| Withdrawn status | Lost status | Damaged status | Not for loan | Home library | Current library | Date acquired | Source of acquisition | Cost, normal purchase price | Total Checkouts | Full call number | Barcode | Date last seen | Date checked out | Copy number | Cost, replacement price | Price effective from | Koha item type |
|---|---|---|---|---|---|---|---|---|---|---|---|---|---|---|---|---|---|
| Central Library | Central Library | 12/08/2015 | Cen Lib/Ret | 50.00 | 2 | 821.08 प्रसाद | 918452 | 22/11/2017 | 08/11/2017 | 1 | 50.00 | 12/08/2015 | Hindi Books |
